[Event "17. European Women's Championship 2016"]
[Site "Mamaia ROU"]
[Date "2016.06.06"]
[Round "10.6"]
[White "Khukhashvili, Sopiko"]
[Black "Bodnaruk, Anastasia"]
[Result "0-1"]
[WhiteElo "2355"]
[BlackElo "2475"]
[PlyCount "120"]
[EventDate "2016.05.27"]
[EventType "swiss"]
[EventRounds "11"]
[EventCountry "ROU"]
[Source "lmi"]
[SourceDate "2016.05.26"]

1. d4 f5 2. c4 g6 3. h4 Nf6 4. h5 Nxh5 5. Rxh5 gxh5 6. e4 d6 7. Qxh5+ Kd7 8. d5
c6 9. Qxf5+ Kc7 10. Qf7 Bd7 11. Nc3 Qe8 12. Qf4 Na6 13. Bd2 Bg7 14. Nf3 Qg6 15.
Qe3 e6 16. dxc6 Bxc6 17. e5 b6 18. Nb5+ Bxb5 19. cxb5 Nc5 20. b4 Ne4 21. exd6+
Nxd6 22. Rc1+ Kd7 23. Bd3 Qh5 24. Ng5 e5 25. Be4 Rac8 26. Bc6+ Ke7 27. f4 Rhf8
28. Nh3 Nf5 29. Qe4 Nd4 30. Rc4 Rcd8 31. fxe5 Ne6 32. Qh4+ Qxh4+ 33. Rxh4 Rf5
34. Rxh7 Rxe5+ 35. Kd1 Kf8 36. Rh4 Nd4 37. Be4 Nxb5 38. Kc1 Rd4 39. Ng5 Nd6 40.
Rf4+ Ke7 41. Bf3 Rxd2 42. Kxd2 Rxg5 43. Kc2 Re5 44. Rg4 Kf7 45. a4 a6 46. Rd4
Ke7 47. Rd5 Re6 48. Rd2 Nc4 49. Re2 Ne3+ 50. Kb3 a5 51. b5 Bd4 52. Bc6 Kd6 53.
Re1 Rg6 54. Re2 Rg3 55. Ka2 Nd5 56. Rd2 Nb4+ 57. Kb1 Rb3+ 58. Kc1 Rc3+ 59. Kd1
Nxc6 60. bxc6 Kd5 0-1

[Event "17. European Women's Championship 2016"]
[Site "Mamaia ROU"]
[Date "2016.06.06"]
[Round "10.7"]
[White "Socko, Monika"]
[Black "Matnadze, Ana"]
[Result "1/2-1/2"]
[WhiteElo "2469"]
[BlackElo "2332"]
[PlyCount "96"]
[EventDate "2016.05.27"]
[EventType "swiss"]
[EventRounds "11"]
[EventCountry "ROU"]
[Source "lmi"]
[SourceDate "2016.05.26"]

1. d4 Nf6 2. c4 e6 3. Nc3 Bb4 4. Qc2 d5 5. cxd5 exd5 6. Bg5 h6 7. Bxf6 Qxf6 8.
a3 Bxc3+ 9. Qxc3 c6 10. Nf3 O-O 11. e3 Re8 12. Be2 Bg4 13. O-O Nd7 14. b4 Nf8
15. Ra2 Ne6 16. Ne5 Bxe2 17. Rxe2 Ng5 18. f3 Qf5 19. a4 f6 20. Nd3 Rac8 21. Qb3
Kh8 22. b5 Ne6 23. Rc2 cxb5 24. Rxc8 Rxc8 25. Qxb5 Rc3 26. e4 Qg6 27. Qxd5 Rxd3
28. Qxe6 Rd2 29. Qh3 Rxd4 30. Qc8+ Kh7 31. Qxb7 Rxa4 32. Qb3 Rd4 33. Qe3 Ra4
34. Qb3 Rd4 35. Qc2 Qg5 36. f4 Qg6 37. Re1 a5 38. Re3 a4 39. h3 a3 40. Kh2 a2
41. Qxa2 Rxe4 42. Rg3 Qe8 43. Qc2 f5 44. Qc5 Qf7 45. Qd6 Re6 46. Qd5 Re7 47.
Qc6 Rc7 48. Qd6 Rd7 1/2-1/2

[Event "17. European Women's Championship 2016"]
[Site "Mamaia ROU"]
[Date "2016.06.06"]
[Round "10.8"]
[White "Gaponenko, Inna"]
[Black "Lazarne Vajda, Szidonia"]
[Result "0-1"]
[WhiteElo "2415"]
[BlackElo "2345"]
[PlyCount "90"]
[EventDate "2016.05.27"]
[EventType "swiss"]
[EventRounds "11"]
[EventCountry "ROU"]
[Source "lmi"]
[SourceDate "2016.05.26"]

1. e4 e5 2. Nf3 Nc6 3. Bb5 a6 4. Ba4 Nf6 5. O-O Be7 6. Re1 b5 7. Bb3 d6 8. c3
O-O 9. h3 Bb7 10. d4 Nd7 11. d5 Na5 12. Bc2 c6 13. dxc6 Bxc6 14. Nbd2 Nb7 15.
Nf1 Nbc5 16. Ng3 Nf6 17. Bg5 h6 18. Bxf6 Bxf6 19. Nf5 Nb7 20. Bb3 h5 21. Bd5
Qb6 22. g4 Bxd5 23. Qxd5 g6 24. Ne3 hxg4 25. hxg4 Nc5 26. Rad1 Be7 27. Kg2 Kg7
28. Kg3 Rh8 29. Rh1 Rag8 30. Rxh8 Rxh8 31. b4 Ne6 32. Qb3 Nf4 33. Ng1 Bh4+ 34.
Kf3 Bxf2 35. Kxf2 Rh2+ 36. Kf3 Nh3 37. c4 bxc4 38. Qa3 c3 39. Qc1 Ng5+ 40. Kg3
Rd2 41. Re1 Nxe4+ 42. Kh3 Ng5+ 43. Kh4 Qd8 44. Kg3 Ne4+ 45. Kf3 Qf6+ 0-1

[Event "17. European Women's Championship 2016"]
[Site "Mamaia ROU"]
[Date "2016.06.06"]
[Round "10.9"]
[White "Styazhkina, Anna"]
[Black "Szczepkowska-Horowska, Karina"]
[Result "1/2-1/2"]
[WhiteElo "2302"]
[BlackElo "2411"]
[PlyCount "66"]
[EventDate "2016.05.27"]
[EventType "swiss"]
[EventRounds "11"]
[EventCountry "ROU"]
[Source "lmi"]
[SourceDate "2016.05.26"]

1. e4 e5 2. Nf3 Nc6 3. Bb5 a6 4. Ba4 d6 5. c3 Bd7 6. O-O g6 7. d4 Bg7 8. Re1 b5
9. Bb3 Nf6 10. Bg5 h6 11. Bh4 O-O 12. Nbd2 g5 13. Bg3 exd4 14. Nxd4 Ne5 15.
N2f3 Ng6 16. e5 dxe5 17. Nxe5 Nxe5 18. Bxe5 c5 19. Ne2 Ne8 20. Ng3 Be6 21. Bxe6
fxe6 22. Qe2 Ra7 23. Nh5 Raf7 24. f3 Bxe5 25. Qxe5 Nf6 26. Rad1 Qe7 27. Nxf6+
Rxf6 28. Rd6 g4 29. fxg4 Rf2 30. h3 Rxb2 31. Rxe6 Qf7 32. Qxc5 Rxg2+ 33. Kxg2
Qf3+ 1/2-1/2

[Event "17. European Women's Championship 2016"]
[Site "Mamaia ROU"]
[Date "2016.06.06"]
[Round "10.10"]
[White "Shvayger, Yuliya"]
[Black "Kursova, Maria"]
[Result "1-0"]
[WhiteElo "2415"]
[BlackElo "2319"]
[PlyCount "59"]
[EventDate "2016.05.27"]
[EventType "swiss"]
[EventRounds "11"]
[EventCountry "ROU"]
[Source "lmi"]
[SourceDate "2016.05.26"]

1. e4 c5 2. Nf3 e6 3. d4 cxd4 4. Nxd4 a6 5. c4 Nf6 6. Nc3 d6 7. Be2 Be7 8. O-O
Qc7 9. Be3 b6 10. f4 Bb7 11. Bf3 O-O 12. Rc1 Re8 13. b4 Nbd7 14. Nd5 Qd8 15.
Nxe7+ Qxe7 16. e5 Bxf3 17. Nxf3 Ng4 18. exd6 Nxe3 19. dxe7 Nxd1 20. Rfxd1 Rxe7
21. Rd6 Rc8 22. Rcd1 Nf8 23. Rxb6 Rxc4 24. Rb8 f6 25. Rdd8 Rf7 26. Nd4 e5 27.
Ne6 Rc1+ 28. Kf2 Rc2+ 29. Kf1 h5 30. f5 1-0

[Event "17. European Women's Championship 2016"]
[Site "Mamaia ROU"]
[Date "2016.06.06"]
[Round "10.11"]
[White "Goryachkina, Aleksandra"]
[Black "Gara, Ticia"]
[Result "1-0"]
[WhiteElo "2485"]
[BlackElo "2352"]
[PlyCount "137"]
[EventDate "2016.05.27"]
[EventType "swiss"]
[EventRounds "11"]
[EventCountry "ROU"]
[Source "lmi"]
[SourceDate "2016.05.26"]

1. d4 Nf6 2. c4 e6 3. g3 Bb4+ 4. Bd2 Qe7 5. Nf3 Bxd2+ 6. Qxd2 O-O 7. Bg2 d6 8.
Nc3 Nc6 9. O-O a5 10. Rac1 e5 11. Nd5 Nxd5 12. cxd5 Nxd4 13. Nxd4 exd4 14. Rfe1
b6 15. Qxd4 Bf5 16. Rc4 Ra7 17. e3 f6 18. Rec1 Rf7 19. h4 Qe5 20. Qd2 Qe8 21.
Rf4 Bc8 22. Rc3 Re7 23. Qc2 Qf7 24. Be4 h6 25. Bf3 Bb7 26. Rd4 Bc8 27. a3 Bb7
28. Be4 Bc8 29. Bg6 Qf8 30. Rdc4 Qd8 31. Qd1 Bd7 32. Qc1 Bb5 33. Rd4 Be8 34.
Bb1 h5 35. Rf4 Re5 36. Qc2 g6 37. Rfc4 Rxd5 38. Ba2 Kf8 39. e4 Re5 40. Qc1 Kg7
41. Rxc7+ Rxc7 42. Rxc7+ Re7 43. Rc8 Qd7 44. Rb8 Rxe4 45. Bd5 Re7 46. Rxb6 Bf7
47. Bxf7 Rxf7 48. Qd2 d5 49. Qxa5 d4 50. Qb4 Qg4 51. Rb8 Qd7 52. Ra8 Qb7 53.
Qxb7 Rxb7 54. b4 Rc7 55. Kf1 Rc2 56. b5 d3 57. Rd8 Rb2 58. a4 Rb1+ 59. Kg2 Ra1
60. b6 d2 61. Rxd2 Rxa4 62. Rb2 Ra8 63. b7 Rb8 64. Kf3 g5 65. Ke4 Kg6 66. Rb5
Re8+ 67. Kd5 Rb8 68. Kc6 f5 69. Kc7 1-0

[Event "17. European Women's Championship 2016"]
[Site "Mamaia ROU"]
[Date "2016.06.06"]
[Round "10.12"]
[White "Nechaeva, Marina"]
[Black "Hoolt, Sarah"]
[Result "0-1"]
[WhiteElo "2416"]
[BlackElo "2312"]
[PlyCount "88"]
[EventDate "2016.05.27"]
[EventType "swiss"]
[EventRounds "11"]
[EventCountry "ROU"]
[Source "lmi"]
[SourceDate "2016.05.26"]

1. d4 Nf6 2. c4 e6 3. Nc3 Bb4 4. Qc2 c5 5. dxc5 O-O 6. a3 Bxc5 7. Nf3 b6 8. Bf4
Bb7 9. Rd1 Nh5 10. Bc1 f5 11. h3 f4 12. Ne4 Rf5 13. Nxc5 bxc5 14. e3 Bxf3 15.
gxf3 Re5 16. Bd3 Nf6 17. Kf1 Nc6 18. exf4 Rh5 19. Be3 Rc8 20. f5 Qe7 21. fxe6
Qxe6 22. Be4 Ne5 23. b3 Kh8 24. Ke2 Re8 25. Bd5 Nxd5 26. Rxd5 Nxf3 27. Qd3 Nd4+
28. Kd2 Rxd5 29. cxd5 Qxd5 30. Rb1 Re4 31. Kd1 h6 32. Kc1 Qe5 33. b4 c4 34.
Qxc4 Nc6 35. Qc5 Qe6 36. Qf8+ Kh7 37. Rb2 Ne5 38. Rc2 Nc4 39. Qc5 Nxa3 40. Rc3
Nc4 41. Qxa7 Nxe3 42. fxe3 Rxb4 43. Qc7 Qxh3 44. Qc5 Qf1+ 0-1

[Event "17. European Women's Championship 2016"]
[Site "Mamaia ROU"]
[Date "2016.06.06"]
[Round "10.13"]
[White "Zimina, Olga"]
[Black "Khurtsidze, Nino"]
[Result "0-1"]
[WhiteElo "2361"]
[BlackElo "2409"]
[PlyCount "104"]
[EventDate "2016.05.27"]
[EventType "swiss"]
[EventRounds "11"]
[EventCountry "ROU"]
[Source "lmi"]
[SourceDate "2016.05.26"]

1. c4 c5 2. Nf3 Nf6 3. Nc3 Nc6 4. g3 d5 5. cxd5 Nxd5 6. Bg2 Nc7 7. O-O e5 8. b3
Be7 9. Bb2 O-O 10. Rc1 f6 11. Ne1 Bd7 12. Nd3 Rc8 13. f4 exf4 14. Nxf4 b6 15.
e3 Kh8 16. Kh1 Ne6 17. Nfd5 Ng5 18. Nf4 Ne5 19. Qc2 Ne6 20. Ncd5 Bd6 21. d3 Re8
22. Qd2 Bc6 23. Nxe6 Rxe6 24. d4 Ng4 25. e4 cxd4 26. Bxd4 Qe8 27. Rfe1 Bxg3 28.
hxg3 Qh5+ 29. Kg1 Qh2+ 30. Kf1 Bb5+ 31. Rc4 Rxc4 32. bxc4 Bxc4+ 33. Re2 Qxg3
34. Kg1 Rxe4 35. Nc3 Rf4 36. Re8+ Bg8 37. Qxf4 Qxf4 38. Ne2 Qd6 39. Bf3 h5 40.
Ra8 Qh2+ 41. Kf1 Qh3+ 42. Bg2 Qd3 43. Ke1 Kh7 44. Re8 Qb1+ 45. Kd2 Qxa2+ 46.
Ke1 Bd5 47. Bh3 Bc6 48. Rc8 Bb5 49. Bf1 Qb1+ 50. Rc1 Qe4 51. Rd1 Nh2 52. Rd2
Nf3+ 0-1

[Event "17. European Women's Championship 2016"]
[Site "Mamaia ROU"]
[Date "2016.06.06"]
[Round "10.14"]
[White "Osmak, Iulija"]
[Black "Atalik, Ekaterina"]
[Result "0-1"]
[WhiteElo "2345"]
[BlackElo "2408"]
[PlyCount "157"]
[EventDate "2016.05.27"]
[EventType "swiss"]
[EventRounds "11"]
[EventCountry "ROU"]
[Source "lmi"]
[SourceDate "2016.05.26"]

1. e4 c6 2. d4 d5 3. e5 c5 4. dxc5 Nc6 5. Nf3 Bg4 6. c3 e6 7. b4 a6 8. Nbd2 g6
9. Be2 Bg7 10. O-O h5 11. h3 Bf5 12. Nb3 Nxe5 13. Nbd4 Ne7 14. Re1 Qc7 15. Nxe5
Bxe5 16. Bf3 Bf6 17. Be3 Kf8 18. Qc1 Kg7 19. c4 Rad8 20. cxd5 Nxd5 21. Nxf5+
exf5 22. Bxd5 Rxd5 23. Rb1 Rhd8 24. a4 R8d7 25. Bf4 Qc6 26. Bd6 Qxa4 27. Qe3
R7xd6 28. cxd6 Rxd6 29. Qf3 Rb6 30. Qb3 Qxb3 31. Rxb3 Rb5 32. Reb1 g5 33. Kf1
Kg6 34. Ke2 g4 35. Kd3 Kg5 36. Kc4 Re5 37. Re3 b5+ 38. Kd3 Rd5+ 39. Ke2 f4 40.
Ra3 Rd6 41. hxg4 hxg4 42. Rd1 Re6+ 43. Kf1 Be7 44. Rd4 Rc6 45. Ra1 f5 46. Re1
Bf6 47. Rd7 f3 48. gxf3 gxf3 49. Rd3 Bc3 50. Rc1 Rh6 51. Kg1 Bxb4 52. Rxf3 Bd6
53. Rd1 Kg4 54. Rfd3 Be5 55. Rd5 Bc3 56. R1d3 b4 57. Kg2 Rf6 58. Rf3 f4 59. Ra5
Rh6 60. Rxc3 bxc3 61. f3+ Kh4 62. Rc5 Rb6 63. Rxc3 Rb2+ 64. Kf1 Kg3 65. Ra3
Rb1+ 66. Ke2 Rb6 67. Kf1 Re6 68. Ra5 Kxf3 69. Ra3+ Ke4 70. Ra4+ Ke3 71. Ra3+
Kd2 72. Ra4 Rf6 73. Kf2 f3 74. Ra5 Kc3 75. Ra1 Kb4 76. Rb1+ Kc5 77. Ra1 Kb6 78.
Rb1+ Ka7 79. Ra1 0-1

[Event "17. European Women's Championship 2016"]
[Site "Mamaia ROU"]
[Date "2016.06.06"]
[Round "10.15"]
[White "Houska, Jovanka"]
[Black "Foisor, Cristina-Adela"]
[Result "1/2-1/2"]
[WhiteElo "2383"]
[BlackElo "2322"]
[PlyCount "134"]
[EventDate "2016.05.27"]
[EventType "swiss"]
[EventRounds "11"]
[EventCountry "ROU"]
[Source "lmi"]
[SourceDate "2016.05.26"]

1. d4 Nf6 2. c4 c5 3. d5 g6 4. Nc3 Bg7 5. e4 d6 6. h3 O-O 7. Nf3 e6 8. Bd3 Na6
9. O-O Nc7 10. a4 Rb8 11. Be3 b6 12. Qd2 e5 13. Ne2 Nh5 14. Nh2 f5 15. exf5
gxf5 16. Ng3 Qe8 17. Nxh5 Qxh5 18. f4 Ne8 19. a5 e4 20. Be2 Qg6 21. Rfb1 Rf7
22. Qd1 Qh6 23. axb6 axb6 24. Ra3 Nc7 25. b4 Na6 26. bxc5 Nxc5 27. Nf1 Rc7 28.
Ng3 Bd7 29. Nh5 Bh8 30. Bd4 Ba4 31. Qd2 Be8 32. Bxh8 Bxh5 33. Ba1 Bg6 34. Qd4
Nd7 35. g4 Kf7 36. gxf5 Bxf5 37. Rg3 Nf6 38. Rg5 Bd7 39. Rb3 Rf8 40. Rxb6 Ne8
41. Qxe4 Rg8 42. Rxg8 Kxg8 43. Bg4 Qg6 44. f5 Qg5 45. Kh2 h5 46. Be2 Kf8 47.
Rb1 Bxf5 48. Qf3 Rf7 49. Rf1 h4 50. Qf4 Qxf4+ 51. Rxf4 Bg6 52. Rxf7+ Kxf7 53.
Bc3 Ng7 54. Kg2 Be4+ 55. Kf2 Nf5 56. Bh5+ Ke7 57. Be2 Kf7 58. Bh5+ Ke7 59. Bb4
Kf6 60. Bf3 Bd3 61. c5 dxc5 62. Bxc5 Bc4 63. d6 Ke6 64. Bg4 Bb5 65. Kf3 Ke5 66.
Ba3 Bc6+ 67. Kf2 Nxd6 1/2-1/2

[Event "17. European Women's Championship 2016"]
[Site "Mamaia ROU"]
[Date "2016.06.06"]
[Round "10.16"]
[White "Batsiashvili, Nino"]
[Black "Nikolova, Adriana"]
[Result "1/2-1/2"]
[WhiteElo "2476"]
[BlackElo "2331"]
[PlyCount "125"]
[EventDate "2016.05.27"]
[EventType "swiss"]
[EventRounds "11"]
[EventCountry "ROU"]
[Source "lmi"]
[SourceDate "2016.05.26"]

1. d4 Nf6 2. c4 e6 3. g3 Be7 4. Bg2 d5 5. Nf3 O-O 6. O-O dxc4 7. Qc2 a6 8. a4
Bd7 9. Qxc4 Bc6 10. Bf4 Bd6 11. Qc1 Bxf4 12. Qxf4 a5 13. Rd1 Na6 14. Nc3 Nd5
15. Nxd5 Qxd5 16. Nh4 Qd7 17. d5 exd5 18. Nf5 g6 19. Nh6+ Kg7 20. Ng4 f6 21. e4
g5 22. Qf3 Nb4 23. Ne3 Kh8 24. exd5 Bxa4 25. Rd2 Bb3 26. Rc1 c6 27. d6 Bd5 28.
Nxd5 Nxd5 29. Qb3 a4 30. Qc4 Qxd6 31. Bxd5 Ra5 32. Rcd1 cxd5 33. Rxd5 Rxd5 34.
Rxd5 Qe6 35. Qd4 Rf7 36. Rd8+ Kg7 37. Qxa4 Rc7 38. Rd1 Qc6 39. Qg4 Kg6 40. h4
h5 41. Qd4 gxh4 42. Qxh4 Qf3 43. Qd4 Rc2 44. Re1 b5 45. b3 Rc3 46. b4 Rc4 47.
Qd2 h4 48. Re3 Qf5 49. gxh4 Rxh4 50. Rg3+ Rg4 51. Kg2 Qe4+ 52. f3 Rxg3+ 53.
Kxg3 Qb1 54. Kf2 Qb3 55. Qd4 Qc2+ 56. Ke3 Qc1+ 57. Ke4 Qb1+ 58. Ke3 Qg1+ 59.
Kd3 Qd1+ 60. Ke3 Qe1+ 61. Kd3 Qf1+ 62. Ke3 Qe1+ 63. Kd3 1/2-1/2

[Event "17. European Women's Championship 2016"]
[Site "Mamaia ROU"]
[Date "2016.06.06"]
[Round "10.17"]
[White "Girya, Olga"]
[Black "Brunello, Marina"]
[Result "1-0"]
[WhiteElo "2443"]
[BlackElo "2336"]
[PlyCount "85"]
[EventDate "2016.05.27"]
[EventType "swiss"]
[EventRounds "11"]
[EventCountry "ROU"]
[Source "lmi"]
[SourceDate "2016.05.26"]

1. d4 d5 2. c4 c6 3. Nf3 Nf6 4. Nc3 e6 5. Bg5 dxc4 6. e4 b5 7. e5 h6 8. Bh4 g5
9. Nxg5 hxg5 10. Bxg5 Nbd7 11. exf6 Qb6 12. g3 Bb7 13. Bg2 c5 14. d5 O-O-O 15.
O-O b4 16. Rb1 Qa6 17. dxe6 Bxg2 18. e7 Bxf1 19. Kxf1 Qc6 20. exd8=Q+ Kxd8 21.
Nd5 Rxh2 22. Kg1 Rh8 23. Rc1 Bd6 24. Bh4 Be5 25. Ne7 Qe4 26. Rxc4 Qxc4 27. Nc6+
Kc7 28. Qxd7+ Kxd7 29. Nxe5+ Ke6 30. Nxc4 Rd8 31. Kg2 a5 32. Bg5 a4 33. Be3 Rd3
34. Kf1 a3 35. bxa3 bxa3 36. Nd2 Kd5 37. Ke2 c4 38. g4 Rc3 39. Kd1 Kc6 40. g5
Kd7 41. Ne4 Rd3+ 42. Kc2 Ke8 43. Nd2 1-0

[Event "17. European Women's Championship 2016"]
[Site "Mamaia ROU"]
[Date "2016.06.06"]
[Round "10.18"]
[White "Melia, Salome"]
[Black "Ovod, Evgenija"]
[Result "1-0"]
[WhiteElo "2409"]
[BlackElo "2329"]
[PlyCount "51"]
[EventDate "2016.05.27"]
[EventType "swiss"]
[EventRounds "11"]
[EventCountry "ROU"]
[Source "lmi"]
[SourceDate "2016.05.26"]

1. b3 c5 2. Bb2 b6 3. e3 Bb7 4. d4 e6 5. Nc3 Nf6 6. f3 d5 7. Qd2 cxd4 8. exd4
Nc6 9. Nge2 Rc8 10. O-O-O h5 11. h4 Ba6 12. Nf4 Bxf1 13. Rhxf1 Be7 14. Kb1 Qc7
15. Rde1 Qb7 16. g4 hxg4 17. fxg4 Nxg4 18. Nfxd5 exd5 19. Qg5 Kf8 20. Qxg4 Rd8
21. Rg1 g6 22. Ref1 Rg8 23. h5 g5 24. Qe6 Rg7 25. h6 Rh7 26. Qg6 1-0

[Event "17. European Women's Championship 2016"]
[Site "Mamaia ROU"]
[Date "2016.06.06"]
[Round "10.20"]
[White "Hojjatova, Aydan"]
[Black "Lomineishvili, Maia"]
[Result "1-0"]
[WhiteElo "2300"]
[BlackElo "2367"]
[PlyCount "103"]
[EventDate "2016.05.27"]
[EventType "swiss"]
[EventRounds "11"]
[EventCountry "ROU"]
[Source "lmi"]
[SourceDate "2016.05.26"]

1. e4 c5 2. Nf3 Nc6 3. Bb5 g6 4. Bxc6 bxc6 5. O-O Bg7 6. Re1 Nh6 7. d4 cxd4 8.
Nxd4 Qb6 9. Nb3 d6 10. Be3 c5 11. f3 f6 12. Nc3 Nf7 13. Nd5 Qd8 14. Qe2 O-O 15.
Rad1 e6 16. Nc3 Qb6 17. f4 Bb7 18. Rd2 Rac8 19. Red1 Rfe8 20. Qf2 Bf8 21. Qg3
a5 22. Bf2 Bh6 23. Re2 Bc6 24. Rde1 a4 25. Nd2 Rb8 26. b3 axb3 27. axb3 Qc7 28.
Nc4 Bg7 29. f5 gxf5 30. exf5 e5 31. Ne3 Qb7 32. Rd1 Kh8 33. Ncd5 Nh6 34. Qh3
Qf7 35. Red2 Rg8 36. Bh4 Rgd8 37. g4 Ng8 38. Rf1 Ne7 39. Nc7 d5 40. Ne6 d4 41.
Nc4 Nd5 42. Nxe5 fxe5 43. Nxd8 Rxd8 44. Bxd8 Nf4 45. Qg3 c4 46. bxc4 Qxc4 47.
Rxf4 exf4 48. Qb3 Qa6 49. Qb8 Be8 50. Bg5 Qa1+ 51. Kf2 Qa4 52. Re2 1-0

[Event "17. European Women's Championship 2016"]
[Site "Mamaia ROU"]
[Date "2016.06.06"]
[Round "10.21"]
[White "Osmanodja, Filiz"]
[Black "Arakhamia-Grant, Ketevan"]
[Result "0-1"]
[WhiteElo "2296"]
[BlackElo "2364"]
[PlyCount "81"]
[EventDate "2016.05.27"]
[EventType "swiss"]
[EventRounds "11"]
[EventCountry "ROU"]
[Source "lmi"]
[SourceDate "2016.05.26"]

1. e4 c5 2. Nf3 Nc6 3. d4 cxd4 4. Nxd4 e5 5. Nb5 d6 6. c4 Be7 7. N1c3 a6 8. Na3
Be6 9. Be2 Nf6 10. O-O O-O 11. Nc2 Rc8 12. Ne3 Na5 13. Qa4 Bd7 14. Qd1 b5 15.
cxb5 axb5 16. Ned5 Nxd5 17. Nxd5 Bg5 18. b3 Rb8 19. Ba3 Bc6 20. Qd3 Ba8 21. Nb4
Qd7 22. Rfd1 Rfd8 23. Nd5 Nc6 24. Qg3 Be7 25. Bb2 Qa7 26. Bg4 Kh8 27. Kh1 Bf8
28. a3 Ne7 29. f4 Bxd5 30. exd5 exf4 31. Qxf4 Ng6 32. Qg3 Re8 33. Bd4 Qe7 34.
Rac1 Ra8 35. b4 Qg5 36. Rc7 f5 37. Be2 Qxg3 38. hxg3 Rxe2 39. Rf1 Re7 40. Rc3
Re4 41. Kg1 0-1

[Event "17. European Women's Championship 2016"]
[Site "Mamaia ROU"]
[Date "2016.06.06"]
[Round "10.22"]
[White "Arabidze, Meri"]
[Black "Ionescu, Irina"]
[Result "0-1"]
[WhiteElo "2363"]
[BlackElo "2181"]
[PlyCount "120"]
[EventDate "2016.05.27"]
[EventType "swiss"]
[EventRounds "11"]
[EventCountry "ROU"]
[Source "lmi"]
[SourceDate "2016.05.26"]

1. d4 e6 2. Nf3 Nf6 3. c4 b6 4. Nc3 Bb7 5. a3 d5 6. cxd5 Nxd5 7. Qa4+ c6 8. e4
Nxc3 9. bxc3 Nd7 10. Qc2 g6 11. h4 h6 12. Bd3 c5 13. h5 g5 14. Qe2 Qc7 15. O-O
Bg7 16. Bb2 e5 17. Bb5 Bc6 18. Bxc6 Qxc6 19. d5 Qa4 20. Nd2 O-O 21. Nc4 Nf6 22.
Rfe1 Ne8 23. Bc1 b5 24. Nb2 Qb3 25. a4 Nd6 26. axb5 Nxb5 27. Na4 c4 28. Bd2 Nd6
29. Bxg5 Qb7 30. Bd2 Qc7 31. Qe3 Rfb8 32. Qg3 Kh8 33. Qh4 Qd8 34. Qg4 Qc8 35.
Qf3 Rb5 36. g4 Qd8 37. Qg3 Kh7 38. f3 Bf6 39. Red1 Qe7 40. Be3 Bg5 41. Bf2 Bf4
42. Qh4 Bg5 43. Qh3 Qc7 44. Qf1 Rab8 45. Qe2 Bf4 46. Kf1 Kg7 47. Qa2 Qa5 48.
Qa3 Qc7 49. Bc5 Qd8 50. Bf2 Ra5 51. Qa2 Rb3 52. Qc2 Nb5 53. d6 Na3 54. Rxa3
Rxa3 55. Nb2 Ra2 56. Qb1 Ra1 57. Qc2 Qxd6 58. Rxa1 Rxa1+ 59. Kg2 Qa6 60. Qe2
Qa2 0-1

[Event "17. European Women's Championship 2016"]
[Site "Mamaia ROU"]
[Date "2016.06.06"]
[Round "10.23"]
[White "Ozturk, Kubra"]
[Black "Charochkina, Daria"]
[Result "1/2-1/2"]
[WhiteElo "2226"]
[BlackElo "2362"]
[PlyCount "156"]
[EventDate "2016.05.27"]
[EventType "swiss"]
[EventRounds "11"]
[EventCountry "ROU"]
[Source "lmi"]
[SourceDate "2016.05.26"]

1. d4 e6 2. c4 c5 3. d5 Ne7 4. Nc3 d6 5. g3 exd5 6. cxd5 Qa5 7. Bd2 b5 8. e4 b4
9. Nb5 Qb6 10. a3 Bd7 11. a4 Ng6 12. Qb3 Qd8 13. e5 Nxe5 14. f4 a6 15. Nxd6+
Bxd6 16. fxe5 Bxe5 17. Nf3 Bd6 18. Bd3 O-O 19. O-O h6 20. Bc2 Bh3 21. Qd3 f5
22. Nh4 c4 23. Qxc4 Nd7 24. Bxf5 Qb6+ 25. Kh1 Ne5 26. Qe4 Bxf1 27. Rxf1 Rac8
28. Be3 Qd8 29. Be6+ Kh8 30. Rxf8+ Qxf8 31. Bxc8 Qxc8 32. Nf5 Bb8 33. d6 Nc4
34. Bf4 Nxd6 35. Bxd6 Bxd6 36. Kg2 Bf8 37. Nh4 Bc5 38. Ng6+ Kg8 39. h4 a5 40.
h5 Bf8 41. Kf3 Qc5 42. g4 Qd6 43. Ke2 Qh2+ 44. Kd1 Qg1+ 45. Kc2 Qf2+ 46. Kd3
Qg3+ 47. Kc4 Qc7+ 48. Kd3 Qg3+ 49. Kd2 Qf2+ 50. Kd1 Qf1+ 51. Kc2 Qf2+ 52. Kb3
Qg3+ 53. Kc4 Qc7+ 54. Kd4 Bc5+ 55. Kd3 Qc8 56. Qc4+ Kh7 57. Kc2 Qc6 58. Nf8+
Kh8 59. Ng6+ Kh7 60. Nf8+ Kh8 61. Ng6+ Kh7 62. Ne5 Qxa4+ 63. Kd2 Be7 64. Qd3+
Kg8 65. Qd5+ Kh7 66. Qe4+ Kg8 67. Qc4+ Kh7 68. Qe4+ Kg8 69. Qa8+ Kh7 70. Qe4+
Kg8 71. Qc4+ Kh7 72. Qd3+ Kg8 73. Qc4+ Kh7 74. Qe4+ Kg8 75. Qc4+ Kh7 76. Qd3+
Kg8 77. Qd5+ Kh7 78. Qe4+ Kg8 1/2-1/2

[Event "17. European Women's Championship 2016"]
[Site "Mamaia ROU"]
[Date "2016.06.06"]
[Round "10.24"]
[White "Mamedjarova, Turkan"]
[Black "Bulmaga, Irina"]
[Result "0-1"]
[WhiteElo "2257"]
[BlackElo "2360"]
[PlyCount "132"]
[EventDate "2016.05.27"]
[EventType "swiss"]
[EventRounds "11"]
[EventCountry "ROU"]
[Source "lmi"]
[SourceDate "2016.05.26"]

1. e4 e5 2. Nf3 Nc6 3. Bb5 a6 4. Ba4 Nf6 5. O-O b5 6. Bb3 Be7 7. c3 d6 8. h3
Bb7 9. Re1 O-O 10. d4 Nd7 11. Nbd2 exd4 12. cxd4 Bf6 13. Nf1 Na5 14. Bc2 Re8
15. N1h2 c5 16. Ng4 Bxd4 17. Nxd4 cxd4 18. Qxd4 h5 19. Ne3 Nf6 20. Nf5 Rc8 21.
Bd3 Re6 22. Bf4 Nc6 23. Qe3 Nd5 24. Qf3 Nxf4 25. Qxf4 Ne5 26. Rad1 Qf6 27. Re3
Ng6 28. Qf3 Qxb2 29. Qxh5 Rce8 30. Bb1 Qf6 31. a3 Bxe4 32. Nxd6 Rxd6 33. Rxd6
Qxd6 34. Bxe4 Rc8 35. g3 Nf8 36. Rd3 Qe7 37. Re3 g6 38. Qd5 Rc5 39. Qa8 Re5 40.
Kh2 Re6 41. h4 Qc5 42. Rf3 Kg7 43. Bd5 Re7 44. h5 gxh5 45. Rf5 Qc2 46. Rf4 Qg6
47. Qc8 Nh7 48. Qd8 Qg5 49. Bb3 Qc5 50. Qd3 Nf6 51. Rf5 Re5 52. Rf4 Qxa3 53.
Rxf6 Kxf6 54. f4 Qb2+ 55. Kh3 Re2 56. Qd8+ Kg7 57. Qg5+ Kf8 58. Qd8+ Re8 59.
Qd5 Qf6 60. Qxh5 Kg7 61. Qg4+ Qg6 62. Qf3 Rd8 63. Qc3+ Qf6 64. Qe3 Rh8+ 65. Kg2
Qc6+ 66. Kf2 Rh2+ 0-1

[Event "17. European Women's Championship 2016"]
[Site "Mamaia ROU"]
[Date "2016.06.06"]
[Round "10.25"]
[White "Papp, Petra"]
[Black "Isgandarova, Khayala"]
[Result "0-1"]
[WhiteElo "2342"]
[BlackElo "2193"]
[PlyCount "148"]
[EventDate "2016.05.27"]
[EventType "swiss"]
[EventRounds "11"]
[EventCountry "ROU"]
[Source "lmi"]
[SourceDate "2016.05.26"]

1. e4 c6 2. d4 d5 3. Nd2 dxe4 4. Nxe4 Nf6 5. Nxf6+ exf6 6. c3 Bd6 7. Bd3 O-O 8.
Ne2 Qc7 9. Qc2 h6 10. h3 Re8 11. O-O Nd7 12. Be3 Nf8 13. Rfe1 Be6 14. c4 Qd7
15. Ng3 Rad8 16. Rad1 Qc8 17. b3 Bb8 18. Re2 Qc7 19. Rde1 h5 20. Rd1 h4 21. Nf1
g6 22. Qc1 Nh7 23. Bb1 Qa5 24. Bf4 Qh5 25. Ree1 Bxf4 26. Qxf4 Ng5 27. Rd3 Bf5
28. Rde3 Rxe3 29. Qxe3 Bxh3 30. gxh3 Nf3+ 31. Kg2 Nxe1+ 32. Qxe1 Qg5+ 33. Kh2
Rxd4 34. Ne3 Qe5+ 35. Kg2 f5 36. Qc1 f4 37. Ng4 Qe2 38. Qc3 Rd1 39. Nf6+ Kf8
40. Nh7+ Ke8 41. Qh8+ Kd7 42. Nf6+ Kc7 43. Ne8+ Kb6 44. c5+ Kxc5 45. Qf8+ Kb6
46. Qb4+ Qb5 47. Qxb5+ Kxb5 48. Be4 Kb4 49. Bf3 Rd2 50. Kf1 Ka3 51. Be2 Kxa2
52. Bc4 f3 53. Ke1 Rd7 54. Nf6 Re7+ 55. Kd2 b5 56. Bd3 Kxb3 57. Ne4 Kb4 58. Ng5
c5 59. Nxf3 c4 60. Bf1 a5 61. Kc2 a4 62. Nd4 Kc5 63. Nf3 a3 64. Kb1 b4 65. Ka2
Ra7 66. Nd2 b3+ 67. Ka1 b2+ 68. Ka2 Rd7 69. Nb1 Rd1 70. Be2 Re1 71. Bg4 Kb4 72.
Nxa3 Ra1+ 73. Kxb2 Rxa3 74. f4 f5 0-1